000 00417nam a2200169Ia 4500
008 230524s9999 xx 000 0 und d
020 _a9788120328549
082 _a621.43
_bGUP
100 _aH.N.Gupta
_939398
245 0 _aFundamentals of Internal Combustion Engines
250 _a4
260 _aNew Delhi
_bPHI
_c2011
300 _a579p;
500 _aQuantity Number: 1
650 _aMechanics
942 _cBK
999 _c53824
_d53824